000 00523nam a2200193 i 4500
001 bg
100 1 _aWÓJCIK, Teresa
245 1 0 _aJęzyk rosyjski dla lektoratów /
_cTeresa Wójcik ; Politechnika Częstochowska.
260 _aCzęstochowa :
_bWydaw. PC,
_c1994.
300 _a226 s. ;
_c30 cm.
504 _aBibliogr. s. 226.
650 9 _aJęzyk rosyjski
655 _aPodręczniki akademickie
040 _cBPK
041 0 _aru
080 _a808.2-07
942 _cKS
008 s pl f |000 0 pol
999 _c6667
_d6667
856 _uhttp://koha.tu.koszalin.pl/cgi-bin/koha/opac-detail.pl?biblionumber=6667
_yKatalog online BPK